Länder mit Amtssprache Spanisch - Statistiken

Allgemein
  • Dieses Quiz wurde 54 mal gespielt
  • Das Durchschnittsergebnis liegt bei 13 aus 17
Antwortstatistiken
Kontinent # Land % Korrekt
Europa 1 Spanien
94%
Südamerika 1 Chile
90%
Südamerika 1 Kolumbien
88%
Südamerika 1 Peru
88%
Südamerika 37 Bolivien
81%
Südamerika 2 Paraguay
81%
Südamerika 1 Venezuela
81%
Südamerika 1 Ecuador
77%
Nordamerika 1 Kuba
77%
Nordamerika 1 Costa Rica
73%
Nordamerika 1 Guatemala
73%
Nordamerika 1 Nicaragua
73%
Nordamerika 1 Panama
71%
Nordamerika 1 El Salvador
69%
Nordamerika 1 Honduras
69%
Nordamerika 1 Dominikanische Republik
65%
Afrika 3 Äquatorial-Guinea
33%
Keine übereinstimmenden Quizze gefunden
Verteilung der Resultate
Anzahl Personen mit jedem Resultat
Perzentil nach korrekt beantworteten Fragen
Ihre Resultats-Entwicklung
Sie haben dieses Quiz noch nicht gespielt